Estadística comercial de la República de Chile correspondiente al año de 1895
Guardat en:
| Format: | Llibre |
|---|---|
| Idioma: | espanyol |
| Publicat: |
Valparaíso
s.n
1896
|
| Matèries: | |
| Etiquetes: |
Afegir etiqueta
Sense etiquetes, Sigues el primer a etiquetar aquest registre!
|
MARC
| LEADER | 00000nam a2200000 a 4500 | ||
|---|---|---|---|
| 001 | UCM0640 | ||
| 003 | CL-VaPUC | ||
| 008 | 020301e18960000cl |||||||||||||||||spa|d | ||
| 082 | 0 | 4 | |a 310.983 |b EST |2 21 |
| 245 | 1 | 0 | |a Estadística comercial de la República de Chile correspondiente al año de 1895 |
| 300 | |a 800 p | ||
| 942 | |c BK | ||
| 945 | |d 20020301 00:00:00 |a cmena | ||
| 260 | |a Valparaíso |b s.n |c 1896 | ||
| 650 | 7 | |a ESTADISTICAS COMERCIALES |2 CL-VaPUC |9 430465 | |
| 650 | 0 | |a Comercio |9 255341 | |
| 650 | 7 | |a IMPORTACIONES |2 CL-VaPUC |9 359079 | |
| 650 | 7 | |a COMERCIO INTERNACIONAL |2 CL-VaPUC |9 467586 | |
| 650 | 7 | |a ESTADISTCIAS 1892 |2 CL-VaPUC |9 455799 | |
| 651 | 7 | |a CHILE |2 CL-VaPUC |9 467587 | |
| 583 | |a last modification |c 20180109 10:28:46 |k Rodrigo Vera | ||
| 999 | |c 299515 |d 299513 | ||
| 952 | |0 0 |1 0 |4 0 |6 310_983000000000000_EST_1896 |7 0 |8 X |9 356110 |a BIBHIS |b BIBHIS |d 2019-11-21 |i 363678K |l 1 |o 310.983 EST 1896 |p 363678K |r 2024-01-30 |s 2022-09-05 |w 2019-11-21 |y BK_X |k HIS | ||